|
|
|
|
| LEADER |
00655nam a22001812a 4500 |
| 001 |
000202241 |
| 003 |
CZ BrMZK |
| 005 |
19961101143423.0 |
| 007 |
ta |
| 008 |
950101s1952 xr f cze d |
| 040 |
|
|
|a BOA001
|b cze
|
| 100 |
1 |
|
|a Klapka, Jiří,
|d 1900-1976
|7 jk01060278
|
| 245 |
1 |
0 |
|a Deskriptivní geometrie pro směr stavební, zeměměřický a architekturu.
|n Díl 2
|
| 260 |
|
|
|a Praha,
|c 1952
|
| 910 |
|
|
|a BOA001
|b 4-0295.624,2
|
| 990 |
|
|
|a BK
|
| 996 |
7 |
|
|b 2619939767
|c 4-0295.624,2
|l MZK
|r Sklad / do 24 hodin
|n 6
|w 000202241
|u 000010
|a 1
|e BOA001
|j MZK50
|s A
|
| 996 |
7 |
|
|b 2619939768
|c 4-0295.624,2
|l MZK
|r Sklad / do 24 hodin
|n 9
|w 000202241
|u 000020
|a 1
|e BOA001
|j MZK50
|s A
|